Calcul mental rapide - Soustractions et additions - Statistiques

Statistiques générales
  • Ce quiz a été pris 139 fois
  • Le résultat moyen est 18 sur 20
Statistiques - réponses
Hint Réponse % Correct
3+11 14
100%
21-7 14
100%
8+16 24
99%
32-8 24
99%
84-75 9
99%
18-9 9
99%
21+7 28
96%
42-5 37
96%
104-5 99
94%
99+8 107
93%
31-14 17
93%
75+14 89
93%
23-4 19
89%
103-7 96
89%
17+59 76
84%
19+63 82
82%
54+47 101
79%
27+45 72
79%
17+85 102
78%
56+89 145
64%
Aucun quiz correspondant
Distribution des résultats
% des personnes avec chaque résultat
Percentile par nombre de réponses
Votre historique - résultats
Vous n’avez pas pris ce quiz